Introducción a la termodinámica estadística

Uloženo v:
Podrobná bibliografie
Hlavní autor: Hill, Terrell L (Autor)
Médium: Kniha
Jazyk:španělština
Vydáno: Madrid Paraninfo 1970
Témata:
Tagy: Přidat tag
Žádné tagy, Buďte první, kdo vytvoří štítek k tomuto záznamu!

MARC

LEADER 00000nam a2200000 a 4500
001 UCG0985
003 CL-VaPUC
008 100415e19700000SP |||||||||||||||||spa|d
082 0 4 |a 541.369  |b HIL  |2 21 
100 |a Hill, Terrell L  |e author  |9 548705 
245 1 0 |a Introducción a la termodinámica estadística 
300 |a 508 p 
942 |c BK 
945 |d 20100415 00:00:00  |a dcastane 
260 |a Madrid  |b Paraninfo  |c 1970 
650 0 |a Termodinámica   |9 259320 
650 7 |a TERMOQUIMICA MOLECULAR  |2 CL-VaPUC  |9 548706 
650 0 |a Estados de la Materia  |9 347141 
650 0 |a Gases  |9 260945 
650 0 |a Polímeros  |9 271736 
583 |a last modification  |c 20131230 07:10:08  |k Rodrigo Vera 
999 |c 340466  |d 340464 
952 |0 0  |1 0  |4 0  |6 541_369000000000000_HIL_1970  |7 0  |8 A  |9 435236  |a BIBCUR  |b BIBCUR  |d 2019-11-22  |i 4648374  |o 541.369 HIL 1970  |p 4648374  |r 2025-04-22  |w 2019-11-22  |y BK  |k FIS